000 00592nam a2200205Ia 4500
003 GCL
008 140319s9999 xx 000 0 ara d
040 _aGCL /
_cGCL
082 0 4 _aط
_b813.088
_bد ق
100 1 _aابراهيم يونس
245 1 0 _aنزول الوحى /
_cابراهيم يونس
700 1 _aوصفى ال وصفى
260 _a[S.N] :
_bدار المعارف
490 _aقصة واية
_v0
650 0 4 _aالاطفال
650 0 4 _aقصص الاطفال
650 0 4 _aالقصص الدينية
650 0 4 _aالقصص القرآنية
942 _2ddc
_cBK
999 _c34823
_d34823